000 00829nam a2200265Ia 4500
003 OSt
005 20221005044037.0
006 a|||||r|||| 00| 0
007 ta
008 221004b |||||||| |||| 00| 0 eng d
020 _a9780824855680 (hbk)
_cUSD 65.00
024 _a34102
037 _b13169, 24/08/2017, Elite Publishers Distributors
_cTextual
040 _aCRL
_cCRL
_beng
041 _2eng
_aeng
082 _aDelta:36, Q6
100 _aEifring Halvor Ed.
_9592148
245 0 _aAsian traditions of meditation
260 _aHonolulu
_bUniversity of Hawai'i Press USA
_c2016
300 _axv,254p.
_ccm.
650 _a SPIRITUALISM
650 _aMEDITATION
942 _hDelta:36, Q6
_cTEXL
_2cc
999 _c952794
_d952794